[Event "SVK-ch U2300"]
[Site "Liptovsky Jan"]
[Date "2024.06.18"]
[Round "7"]
[White "Mihalik, Michal"]
[Black "Palka, Miroslav"]
[Result "1-0"]
[WhiteElo "1960"]
[BlackElo "1768"]
[PlyCount "85"]
[EventDate "2024.06.15"]
[EventType "swiss"]
[EventRounds "8"]
[EventCountry "SVK"]
[SourceTitle "CBM 220 Extra"]
[Source "ChessBase"]
[SourceDate "2024.07.31"]
[SourceVersion "1"]
[SourceVersionDate "2024.07.31"]
[SourceQuality "1"]

1. d4 Nf6 2. c4 d6 3. Nf3 g6 4. Nc3 Bg7 5. e4 0-0 6. Be2 Nbd7 7. 0-0 c5 8. d5 a6 9. h3 Re8 10. Bg5 Nf8 11. Qd2 Qc7 12. Nh2 Bd7 13. f4 Rab8 14. a4 h6 15. Bh4 N6h7 16. Rae1 f6 17. Bd3 Qa5 18. Bg3 Qb4 19. e5 f5 20. Qc2 Rbd8 21. Nf3 Qb6 22. Nh4 e6 23. Kh2 Qc7 24. Nf3 Bc8 25. Bh4 Rd7 26. dxe6 Nxe6 27. Nd5 Qb8 28. g4 Nef8 29. exd6 Rxe1 30. Rxe1 Rxd6 31. Re8 Rxd5 32. cxd5 Qxf4+ 33. Bg3 Qxf3 34. Rxc8 f4 35. Bf2 Ng5 36. Bf1 Bd4 37. Qxg6+ Bg7 38. Qc2 Bd4 39. Qg6+ Bg7 40. Kg1 Qxd5 41. Bxc5 Nge6 42. Bxf8 Nxf8 43. Bc4 1-0

[Event "SVK-ch U2300"]
[Site "Liptovsky Jan"]
[Date "2024.06.16"]
[Round "4"]
[White "Varga, Milan2"]
[Black "Mihalik, Michal"]
[Result "1-0"]
[WhiteElo "1828"]
[BlackElo "1960"]
[PlyCount "71"]
[EventDate "2024.06.15"]
[EventType "swiss"]
[EventRounds "8"]
[EventCountry "SVK"]
[SourceTitle "CBM 220 Extra"]
[Source "ChessBase"]
[SourceDate "2024.07.31"]
[SourceVersion "1"]
[SourceVersionDate "2024.07.31"]
[SourceQuality "1"]

1. e4 d5 2. exd5 Nf6 3. d4 Nxd5 4. h3 g6 5. c4 Nb6 6. Nf3 Bg7 7. Nc3 0-0 8. Be3 Nc6 9. Qd2 e5 10. d5 Ne7 11. Bh6 Nf5 12. Bxg7 Kxg7 13. Be2 Re8 14. Ne4 Nd6 15. Nxd6 Qxd6 16. 0-0 c6 17. dxc6 Qxc6 18. Qc3 f6 19. Nd2 Be6 20. Bf3 Qc7 21. Rac1 Red8 22. b3 Rd4 23. Ne4 Bf5 24. Rfe1 Rad8 25. Ng3 Be6 26. Qa5 R4d7 27. Ne4 Nc8 28. Qa3 b6 29. Nc3 Rd2 30. Qa6 Ne7 31. Qb5 Bd7 32. Qb4 Nc6 33. Bxc6 Bxc6 34. Nd5 Bxd5 35. cxd5 Rc2 36. Rxc2 1-0

[Event "SVK-ch U2300"]
[Site "Liptovsky Jan"]
[Date "2024.06.15"]
[Round "2"]
[White "Kasperek, Ryszard"]
[Black "Mihalik, Michal"]
[Result "1-0"]
[WhiteElo "2134"]
[BlackElo "1960"]
[PlyCount "40"]
[EventDate "2024.06.15"]
[EventType "swiss"]
[EventRounds "8"]
[EventCountry "SVK"]
[SourceTitle "CBM 220 Extra"]
[Source "ChessBase"]
[SourceDate "2024.07.31"]
[SourceVersion "1"]
[SourceVersionDate "2024.07.31"]
[SourceQuality "1"]

1. e4 d5 2. exd5 Nf6 3. d4 Nxd5 4. c4 Nb6 5. Nf3 g6 6. Nc3 Bg7 7. c5 Nd5 8. Bc4 c6 9. 0-0 0-0 10. Re1 Bg4 11. Bg5 Nf6 12. d5 cxd5 13. Nxd5 Nc6 14. Nxe7+ Nxe7 15. Qxd8 Raxd8 16. Rxe7 Rd7 17. Rae1 Be6 18. R1xe6 fxe6 19. Bxe6+ Kh8 20. Bxd7 Rd8 1-0

[Event "SVK-ch Amateurs"]
[Site "Liptovsky Jan"]
[Date "2023.06.18"]
[Round "7"]
[White "Mihalik, Michal"]
[Black "Hegedus, Gabriel"]
[Result "1-0"]
[WhiteElo "1968"]
[BlackElo "1765"]
[PlyCount "63"]
[EventDate "2023.06.15"]
[EventType "swiss"]
[EventRounds "8"]
[EventCountry "SVK"]
[SourceTitle "CBM 214 Extra"]
[Source "ChessBase"]
[SourceDate "2023.07.31"]
[SourceVersion "1"]
[SourceVersionDate "2023.07.31"]
[SourceQuality "1"]

1. d4 Nf6 2. c4 d5 3. cxd5 Nxd5 4. e4 Nb6 5. Nf3 Bg4 6. Be2 e6 7. 0-0 Be7 8. Nc3 0-0 9. h3 Bh5 10. Be3 c6 11. a4 N8d7 12. a5 Nc8 13. Qb3 b5 14. axb6 Qxb6 15. Qc2 Qc7 16. Rfc1 Nf6 17. Nb5 Qb6 18. d5 c5 19. b4 Bxf3 20. gxf3 exd5 21. bxc5 Qd8 22. Rd1 a6 23. exd5 Nxd5 24. Qb3 Bf6 25. Rxd5 Qe7 26. Ra2 Na7 27. Nxa7 Rxa7 28. c6 Rc7 29. Bc5 Qe6 30. Bxf8 Kxf8 31. Qb8+ Rc8 32. Qd6+ 1-0

[Event "SVK-ch Amateurs"]
[Site "Liptovsky Jan"]
[Date "2023.06.17"]
[Round "5"]
[White "Mihalik, Michal"]
[Black "Mikova, Miriam"]
[Result "0-1"]
[WhiteElo "1968"]
[BlackElo "1728"]
[PlyCount "128"]
[EventDate "2023.06.15"]
[EventType "swiss"]
[EventRounds "8"]
[EventCountry "SVK"]
[SourceTitle "CBM 214 Extra"]
[Source "ChessBase"]
[SourceDate "2023.07.31"]
[SourceVersion "1"]
[SourceVersionDate "2023.07.31"]
[SourceQuality "1"]

1. d4 Nf6 2. c4 e6 3. Nc3 Bb4 4. Qc2 0-0 5. a3 Bxc3+ 6. Qxc3 b6 7. Bg5 Bb7 8. Nf3 d6 9. e3 Nbd7 10. Bd3 c5 11. Qc2 h6 12. Bh4 Qc7 13. 0-0 Rac8 14. Rac1 Qb8 15. Qe2 Qa8 16. Rfd1 Be4 17. Ne1 cxd4 18. exd4 d5 19. b3 Bxd3 20. Nxd3 Ne4 21. f3 Nd6 22. Be7 dxc4 23. bxc4 Nxc4 24. Bxf8 Kxf8 25. Qe4 Qb8 26. Ne5 Nf6 27. Qc2 b5 28. a4 a6 29. axb5 axb5 30. Qb3 Nxe5 31. Qb4+ Kg8 32. Rxc8+ Qxc8 33. dxe5 Nd5 34. Qd4 b4 35. f4 Qc2 36. Qd3 Qc5+ 37. Qd4 Qc2 38. Qd2 Qxd2 39. Rxd2 Nxf4 40. Rd8+ Kh7 41. Rb8 Nd5 42. Kf2 Kg6 43. Rb7 f6 44. exf6 gxf6 45. Kf3 f5 46. g3 h5 47. Rb8 Kg7 48. Ke2 Kg6 49. Rg8+ Kf6 50. Kd3 Ne7 51. Rh8 Kg5 52. Rh7 Ng6 53. h4+ Kf6 54. Rxh5 f4 55. g4 Ne5+ 56. Kd2 Nxg4 57. Rg5 Ne5 58. Rh5 b3 59. Rh6+ Kf5 60. Rh5+ Ke4 61. Rh6 f3 62. Rxe6 b2 63. Kc2 f2 64. Rf6 Nf3 0-1

[Event "Bratislava Slovan op"]
[Site "Bratislava"]
[Date "2013.05.03"]
[Round "8"]
[White "Mihalik, Michal"]
[Black "Mandak, Miroslav"]
[Result "1-0"]
[WhiteElo "1889"]
[BlackElo "1982"]
[PlyCount "69"]
[EventDate "2013.04.27"]
[EventType "swiss"]
[EventRounds "9"]
[EventCountry "SVK"]
[SourceTitle "EXT 2023"]
[Source "ChessBase"]
[SourceDate "2022.10.05"]
[SourceVersion "1"]
[SourceVersionDate "2022.10.05"]
[SourceQuality "1"]

1. d4 Nf6 2. c4 e6 3. Nc3 Bb4 4. Qc2 c5 5. e3 Nc6 6. Nf3 d6 7. a3 Bxc3+ 8. Qxc3 0-0 9. Bd3 e5 10. dxe5 dxe5 11. Bc2 Qc7 12. Nd2 Be6 13. 0-0 Ne7 14. b3 Bf5 15. Bxf5 Nxf5 16. Bb2 Rfe8 17. Nf3 Nd7 18. Rad1 f6 19. Qd3 e4 20. Qd5+ Kh8 21. Qxf5 Re7 22. Nd2 Rae8 23. Nxe4 b6 24. Nd6 Rf8 25. Nb5 Qb7 26. Qd5 Qb8 27. Qd6 Qe8 28. Nc7 Qf7 29. Qd5 Qg6 30. Qd3 f5 31. Nd5 Ref7 32. Nf4 Qc6 33. Qd5 Qc8 34. Ne6 Rg8 35. Ng5 1-0

[Event "Bratislava Slovan op"]
[Site "Bratislava"]
[Date "2013.04.29"]
[Round "4"]
[White "Slapak, Zdenek"]
[Black "Mihalik, Michal"]
[Result "1/2-1/2"]
[WhiteElo "2077"]
[BlackElo "1889"]
[PlyCount "46"]
[EventDate "2013.04.27"]
[EventType "swiss"]
[EventRounds "9"]
[EventCountry "SVK"]
[SourceTitle "CBM 154 Extra"]
[Source "ChessBase"]
[SourceDate "2013.06.25"]
[SourceVersion "2"]
[SourceVersionDate "2013.06.25"]
[SourceQuality "1"]

1. c4 Nf6 2. Nc3 g6 3. g3 Bg7 4. Bg2 0-0 5. d4 c6 6. e4 d6 7. Nge2 Nbd7 8. 0-0 e5 9. h3 Nh5 10. Be3 Qe7 11. Qd2 f5 12. Rad1 Qf7 13. Bg5 f4 14. gxf4 Nxf4 15. f3 h6 16. Bxf4 exf4 17. b3 g5 18. d5 c5 19. Nb5 Qg6 20. Nc7 Rb8 21. Ne6 Rf7 22. Qa5 Ra8 23. Qd8+ Bf8 1/2-1/2